[Event "4. Open. Int. (tot.)"]
[Site "Padova  Fornace Carotta"]
[Date "2001.12.12"]
[Round "1.11"]
[White "De Nard, Stefano"]
[Black "Giacomini, Massimo"]
[Result "0-1"]
[WhiteElo "1530"]
[BlackElo "1884"]
[Annotator "Gabriele Ballarin"]
[PlyCount "52"]
[EventDate "2001.12.15"]
[EventType "swiss"]
[EventRounds "6"]
[EventCountry "ITA"]

1. e4 Nf6 2. e5 Nd5 3. d4 d6 4. f4 Bf5 5. Bd3 Qd7 6. c3 g6 7. Nf3 Bg7 8. O-O O-O 9. h3 a5 10. Nh4 Na6 11. Nxf5 gxf5 12. Qh5 e6 13. g4 Ne7 14. gxf5 Nxf5 15. Bxf5 exf5 16. Nd2 c5 17. Nf3 Rae8 18. Be3 Re6 19. Rad1 Rh6 20. Qxh6 Bxh6 21. dxc5 d5 22. Rf2 Qa4 23. Rfd2 Bxf4 24. Bxf4 Qxf4 25. Rf2 Kh8 26. Rxd5 Re8 0-1

[Event "4. Open. Int. (tot.)"]
[Site "Padova  Fornace Carotta"]
[Date "2001.12.15"]
[Round "1.14"]
[White "Carini, Massimo"]
[Black "Fragni, Enrico"]
[Result "1-0"]
[WhiteElo "1872"]
[BlackElo "1528"]
[Annotator "Gabriele Ballarin"]
[PlyCount "113"]
[EventDate "2001.12.15"]
[EventType "swiss"]
[EventRounds "6"]
[EventCountry "ITA"]

1. Nf3 d6 2. c3 Bg4 3. Qa4+ Qd7 4. Qb3 Bxf3 5. exf3 c6 6. d4 Nf6 7. Bd3 Qe6+ 8. Qxe6 fxe6 9. O-O Nbd7 10. f4 g6 11. Re1 Kf7 12. Nd2 Bg7 13. Nf3 h6 14. Bd2 Rhg8 15. Re2 Nf8 16. Rae1 Re8 17. Nh4 Bh8 18. b4 b5 19. a4 a6 20. axb5 axb5 21. Ra1 g5 22. fxg5 hxg5 23. Nf3 g4 24. Ng5+ Rxg5 25. Bxg5 Nd5 26. Bd2 c5 27. bxc5 dxc5 28. Bxb5 Rc8 29. Rc1 cxd4 30. cxd4 Rb8 31. Bc4 Nb6 32. Bd3 Bxd4 33. Bf4 Ra8 34. Be5 Bxe5 35. Rxe5 Nd5 36. Be4 Rd8 37. Rd1 Kf6 38. Rh5 Rd6 39. Bxd5 exd5 40. Rhxd5 Ke6 41. Rxd6+ exd6 42. Rd4 Ng6 43. Rxg4 Ne5 44. Rd4 Nc6 45. Rd1 Ne5 46. h4 Nf7 47. g4 Ke5 48. Kg2 Kf4 49. f3 Ke5 50. Kg3 Nh6 51. f4+ Ke6 52. f5+ Ke5 53. Re1+ Kd5 54. Kf4 Nf7 55. g5 Kd4 56. g6 Nh6 57. f6 1-0

[Event "4. Open. Int. (tot.)"]
[Site "Padova  Fornace Carotta"]
[Date "2001.12.15"]
[Round "1.15"]
[White "Gerardi, Stefano"]
[Black "Ungaro, Olindo"]
[Result "0-1"]
[WhiteElo "1506"]
[BlackElo "1800"]
[Annotator "Gabriele Ballarin"]
[PlyCount "70"]
[EventDate "2001.12.15"]
[EventType "swiss"]
[EventRounds "6"]
[EventCountry "ITA"]

1. e4 e5 2. Nf3 Nc6 3. Bb5 a6 4. Ba4 d6 5. d4 b5 6. Bb3 exd4 7. Nxd4 Nxd4 8. Qxd4 c5 9. Qc3 c4 10. Bxc4 bxc4 11. Qxc4 Be6 12. Qd3 Qc7 13. b3 Nf6 14. O-O Be7 15. Bb2 O-O 16. Nd2 Rfd8 17. c4 Rab8 18. Rac1 Qa5 19. a3 Qh5 20. h3 Nd7 21. Bd4 Nc5 22. Qc3 Qg6 23. Rce1 Bf8 24. f4 f5 25. Re3 Qf7 26. Rff3 Nxe4 27. Nxe4 fxe4 28. Rg3 Bf5 29. Rg5 h6 30. Rgg3 g6 31. h4 h5 32. Qa5 Bh6 33. Bb6 Rd7 34. Rg5 Bxg5 35. hxg5 d5 0-1

[Event "4. Open. Int. (tot.)"]
[Site "Padova  Fornace Carotta"]
[Date "2001.12.15"]
[Round "1.16"]
[White "Roberti, Ignazio"]
[Black "Benedetti, Maurizio"]
[Result "1-0"]
[WhiteElo "1796"]
[BlackElo "1500"]
[Annotator "Gabriele Ballarin"]
[PlyCount "78"]
[EventDate "2001.12.15"]
[EventType "swiss"]
[EventRounds "6"]
[EventCountry "ITA"]

1. e4 d6 2. d4 Nf6 3. Nc3 g6 4. Nf3 Bg7 5. Be2 O-O 6. O-O e5 7. d5 c6 8. h3 cxd5 9. exd5 a6 10. Be3 b5 11. a3 Nbd7 12. Rb1 Nb6 13. Qd2 Bb7 14. Bxb6 Qxb6 15. Rbd1 Rac8 16. Qe3 Qxe3 17. fxe3 Rc5 18. e4 Nh5 19. Nd2 Ng3 20. Rf2 Nxe2+ 21. Rxe2 Bf6 22. Rf1 Bd8 23. Nb3 Rc8 24. Kh2 Rb8 25. Ref2 Bc8 26. Na2 a5 27. c3 Bb6 28. Rf3 f5 29. Nd2 Bd7 30. Nc1 f4 31. Nd3 b4 32. axb4 axb4 33. Nxb4 Ba5 34. Nd3 Bb5 35. b4 Bb6 36. c4 Ba4 37. c5 dxc5 38. bxc5 Ba5 39. Nc4 Bb5 1-0

[Event "4. Open. Int. (tot.)"]
[Site "Padova  Fornace Carotta"]
[Date "2001.12.15"]
[Round "1.19"]
[White "Canazza, Alessandro"]
[Black "Viaggi, Stefano"]
[Result "0-1"]
[WhiteElo "1500"]
[BlackElo "1764"]
[Annotator "Gabriele Ballarin"]
[PlyCount "110"]
[EventDate "2001.12.15"]
[EventType "swiss"]
[EventRounds "6"]
[EventCountry "ITA"]

1. d4 d5 2. c4 c6 3. Nf3 Nf6 4. Nc3 dxc4 5. e3 b5 6. a4 b4 7. Na2 e6 8. Bxc4 Ba6 9. Qd3 Bxc4 10. Qxc4 Qd5 11. Qxd5 cxd5 12. Bd2 a5 13. b3 Bd6 14. Nc1 Ne4 15. Nd3 f6 16. Rc1 Kd7 17. Ke2 Nc6 18. Rc2 Rhc8 19. Rhc1 Rc7 20. Nfe1 Rac8 21. f3 Nc3+ 22. Bxc3 bxc3 23. h3 Bb4 24. Nf2 Ba3 25. Ra1 Bb2 26. Rb1 Nb4 27. Rcxb2 cxb2 28. Rxb2 Kd6 29. Nfd3 Nxd3 30. Nxd3 Rc2+ 31. Rxc2 Rxc2+ 32. Kd1 Rxg2 33. Nc5 h5 34. Nb7+ Kc6 35. Nd8+ Kd7 36. Nb7 Kc7 37. Nc5 e5 38. Nd3 Kd6 39. dxe5+ fxe5 40. f4 e4 41. Ne5 Rg3 42. Kd2 Rxh3 43. Nf7+ Kc5 44. Ng5 Rh2+ 45. Kc3 Rg2 46. Ne6+ Kd6 47. Ng5 Rxg5 48. fxg5 h4 49. b4 axb4+ 50. Kxb4 h3 51. Kb5 h2 52. a5 h1=Q 53. Kb6 Qb1+ 54. Ka7 Kc7 55. g6 Qb7# 0-1

[Event "4. Open. Int. (tot.)"]
[Site "Padova  Fornace Carotta"]
[Date "2001.12.15"]
[Round "1.20"]
[White "Nagliati, Paolo"]
[Black "Chinello, Gianmarco"]
[Result "1-0"]
[WhiteElo "1756"]
[BlackElo "1500"]
[Annotator "Gabriele Ballarin"]
[PlyCount "133"]
[EventDate "2001.12.15"]
[EventType "swiss"]
[EventRounds "6"]
[EventCountry "ITA"]

1. e4 e5 2. Nf3 Nc6 3. Nc3 Bc5 4. g3 d6 5. Bg2 Bg4 6. h3 Bxf3 7. Qxf3 Nd4 8. Qd1 Ne7 9. Na4 Ne6 10. Nxc5 Nxc5 11. d4 Nd7 12. b3 c6 13. O-O O-O 14. Ba3 c5 15. dxc5 Nxc5 16. Qe2 Qa5 17. Bb2 Nc6 18. Rfd1 Rfd8 19. Qd2 Qb6 20. c4 Ne6 21. Bc3 Ned4 22. b4 a6 23. Qe3 Nxb4 24. Rab1 Nbc2 25. Rxb6 Nxe3 26. fxe3 Ne2+ 27. Kf2 Nxc3 28. Rd3 Na4 29. Rbxd6 Rdc8 30. Kf3 g6 31. Bf1 Nb2 32. Rc3 b5 33. Rd2 Nxc4 34. Bxc4 Rxc4 35. Rxc4 bxc4 36. Rc2 Rc8 37. Ke2 Kg7 38. Kd2 Kf6 39. Kc3 a5 40. Rb2 Rc5 41. a4 Ke6 42. Rb5 Kd6 43. Rb7 Ke6 44. g4 h6 45. Rb5 Kd6 46. Rb8 Rc7 47. Rd8+ Ke6 48. Rd5 Rb7 49. Rb5 Ra7 50. Kxc4 Kd6 51. Rd5+ Ke6 52. Kb5 Rb7+ 53. Kxa5 Rb3 54. Rb5 Rxe3 55. Kb6 Rxe4 56. a5 Re3 57. a6 Rxh3 58. a7 Rg3 59. a8=Q Rxg4 60. Qc8+ Kf6 61. Qxg4 h5 62. Qf3+ Ke6 63. Qe4 Ke7 64. Rxe5+ Kf8 65. Re8+ Kg7 66. Qh4 Kh6 67. Qf6 1-0

[Event "4. Open. Int. (tot.)"]
[Site "Padova  Fornace Carotta"]
[Date "2001.12.15"]
[Round "1.21"]
[White "Colombo, Matteo"]
[Black "Favero, Graziano"]
[Result "0-1"]
[WhiteElo "1500"]
[BlackElo "1741"]
[Annotator "Gabriele Ballarin"]
[PlyCount "130"]
[EventDate "2001.12.15"]
[EventType "swiss"]
[EventRounds "6"]
[EventCountry "ITA"]

1. e4 d6 2. d4 Nf6 3. Nc3 g6 4. f4 Bg7 5. Nf3 O-O 6. Be2 c5 7. O-O cxd4 8. Nxd4 Nbd7 9. Be3 Nc5 10. Bf3 a6 11. Nb3 Nxb3 12. axb3 e5 13. Qd2 Ng4 14. Bxg4 Bxg4 15. h3 exf4 16. Bxf4 Be6 17. Qxd6 Qh4 18. Qd3 Rfd8 19. Qf3 Rd7 20. Rad1 Rad8 21. Rxd7 Rxd7 22. Bg3 Qd8 23. Bf4 b5 24. e5 b4 25. Nd1 Bd5 26. Qe2 Bb7 27. Ne3 Rd2 28. Qe1 Qd4 29. Kh1 Qd7 30. Rf2 Rxf2 31. Qxf2 Qxh3+ 32. Kg1 Qd7 33. Qe2 Qd4 34. Qe1 Qxf4 35. Nc4 Qe4 36. Qf2 Bxe5 37. Nxe5 Qxe5 38. Qd2 Qd5 39. Qe2 Qd4+ 40. Kf1 Bc6 41. Qxa6 Qd1+ 42. Kf2 Qxc2+ 43. Qe2 Qxe2+ 44. Kxe2 Bxg2 45. Kd3 Kf8 46. Kc4 h5 47. Kxb4 Ke8 48. Ka5 Kd8 49. b4 Kc8 50. b3 h4 51. b5 h3 52. b6 Kb7 53. Kb5 h2 54. Kc5 h1=Q 55. Kb5 Bf1+ 56. Kb4 Qe4+ 57. Ka3 Qc2 58. Kb4 Kxb6 59. Ka4 Bb5+ 60. Kb4 g5 61. Ka3 g4 62. Kb4 g3 63. Ka3 g2 64. Kb4 g1=Q 65. Ka3 Qgc5+ 0-1

[Event "4. Open. Int. (tot.)"]
[Site "Padova  Fornace Carotta"]
[Date "2001.12.15"]
[Round "1.22"]
[White "Zangrando, Gianpietro"]
[Black "Fabiano, Manuel"]
[Result "1-0"]
[WhiteElo "1731"]
[BlackElo "1500"]
[Annotator "Gabriele Ballarin"]
[PlyCount "49"]
[EventDate "2001.12.15"]
[EventType "swiss"]
[EventRounds "6"]
[EventCountry "ITA"]

1. Nf3 d5 2. d4 Bf5 3. Nbd2 Nf6 4. c4 c6 5. Qb3 Qb6 6. e3 e6 7. Be2 Nbd7 8. O-O Be7 9. Re1 Qc7 10. Bd3 Ne4 11. cxd5 exd5 12. Bxe4 dxe4 13. Ne5 Nxe5 14. dxe5 Be6 15. Qc3 Bd5 16. b4 a6 17. Rd1 f5 18. Bb2 Be6 19. Nb3 Bxb3 20. Qxb3 g6 21. e6 Rg8 22. Rd7 Qb6 23. Rad1 Rd8 24. Rxd8+ Qxd8 25. Rxd8+ 1-0

[Event "4. Open. Int. (tot.)"]
[Site "Padova  Fornace Carotta"]
[Date "2001.12.15"]
[Round "1.23"]
[White "Franz, Paolo"]
[Black "Sinato, Fabrizio"]
[Result "0-1"]
[WhiteElo "1500"]
[BlackElo "1728"]
[Annotator "Gabriele Ballarin"]
[PlyCount "62"]
[EventDate "2001.12.15"]
[EventType "swiss"]
[EventRounds "6"]
[EventCountry "ITA"]

1. e4 c5 2. Nf3 d6 3. d4 cxd4 4. Nxd4 Nf6 5. Nc3 a6 6. Be2 e5 7. Nb3 Be6 8. O-O Be7 9. Be3 b5 10. f3 Nbd7 11. Qd2 Nb6 12. Rfd1 O-O 13. Bf2 b4 14. Nb1 d5 15. Qc1 Qc7 16. exd5 Nfxd5 17. N1d2 Bc5 18. Qb1 Ne3 19. Bxe3 Bxe3+ 20. Kh1 Qe7 21. Ne4 f5 22. Rd3 Nd5 23. Ng3 Rf6 24. c4 bxc3 25. bxc3 Rh6 26. Nf1 Ba7 27. Qc2 Nf4 28. Rad1 Nxg2 29. Kxg2 Qg5+ 30. Ng3 f4 31. Qd2 Rxh2+ 0-1

[Event "4. Open. Int. (tot.)"]
[Site "Padova  Fornace Carotta"]
[Date "2001.01.15"]
[Round "1.24"]
[White "Pomaro, Stefano"]
[Black "Grandesso, Emanuele"]
[Result "1-0"]
[WhiteElo "1713"]
[BlackElo "1500"]
[Annotator "Gabriele Ballarin"]
[PlyCount "129"]
[EventDate "2001.12.15"]
[EventType "swiss"]
[EventRounds "6"]
[EventCountry "ITA"]

1. e4 e5 2. Nf3 Nc6 3. Bc4 d6 4. Nc3 Be7 5. d4 Bg4 6. Be3 Nf6 7. Bb5 O-O 8. Bxc6 bxc6 9. h3 Bh5 10. O-O exd4 11. Bxd4 Re8 12. g4 Bg6 13. e5 Nd7 14. Re1 Bf8 15. exd6 Rxe1+ 16. Qxe1 cxd6 17. Qd2 c5 18. Be3 Qf6 19. Kg2 Ne5 20. Nxe5 Qxe5 21. f4 Be4+ 22. Kg3 Qe7 23. Re1 Re8 24. Bxc5 dxc5 25. Rxe4 Qd8 26. Qxd8 Rxd8 27. Rc4 g6 28. Ne4 Rc8 29. b4 Be7 30. bxc5 f5 31. gxf5 gxf5 32. Ng5 Bxc5 33. Kf3 Rc6 34. Ne6 Rxe6 35. Rxc5 Rf6 36. Rc8+ Kg7 37. Rc7+ Rf7 38. Rxf7+ Kxf7 39. c4 Ke6 40. Ke3 Kd6 41. Kd4 h5 42. h4 a5 43. c5+ Ke6 44. c6 Kd6 45. c7 Kxc7 46. Ke5 Kd8 47. Kxf5 Ke7 48. Kg6 Kf8 49. f5 a4 50. Kxh5 Kf7 51. Kg5 a3 52. h5 Kg7 53. f6+ Kg8 54. Kg6 Kh8 55. h6 Kg8 56. f7+ Kf8 57. h7 Ke7 58. h8=Q Kd6 59. Kf6 Kc5 60. Ke5 Kb4 61. Qc8 Ka4 62. Kd5 Kb4 63. Qb8+ Kc3 64. f8=Q Kd2 65. Qff4+ 1-0

[Event "4. Open. Int. (tot.)"]
[Site "Padova  Fornace Carotta"]
[Date "2001.12.15"]
[Round "1.25"]
[White "Minati, Donato"]
[Black "Sanavio, Giancarlo"]
[Result "0-1"]
[WhiteElo "1500"]
[BlackElo "1702"]
[Annotator "Gabriele Ballarin"]
[PlyCount "101"]
[EventDate "2001.12.15"]
[EventType "swiss"]
[EventRounds "6"]
[EventCountry "ITA"]

{[%evp 0,101,19,34,32,20,27,-15,-9,2,3,22,1,-18,-8,-51,-28,-35,-36,-36,-20,-19,-24,-16,5,-13,31,-3,24,-23,-16,-14,-8,-28,-32,-27,-29,-31,-19,-16,4,-8,-8,-10,-9,-7,-7,-9,-9,-5,-17,-11,6,-17,-25,-23,4,3,5,2,10,-27,-15,-28,-17,-20,0,-20,-20,-15,-12,-24,-22,-16,-10,-19,-24,-14,-14,-17,23,23,29,22,26,22,26,22,21,22,22,22,26,18,23,18,21,13,26,14,69,87,338,0]} 1. d4 d5 2. Nf3 Nf6 3. Bg5 Ne4 4. Bf4 Bf5 5. e3 e6 6. Bd3 Nd7 7. c3 Bd6 8. Bxd6 cxd6 9. Qc2 O-O 10. O-O Bg6 11. Nbd2 f5 12. Qb3 Qe7 13. Rac1 f4 14. Bb1 fxe3 15. fxe3 Ndf6 16. Nxe4 Nxe4 17. Bxe4 Bxe4 18. Qd1 Rf6 19. Qe2 Rg6 20. Rf2 Rf8 21. Rcf1 Rgf6 22. Nd2 Rxf2 23. Rxf2 Rxf2 24. Qxf2 Bd3 25. Qf3 Qf6 26. Kf2 Qh4+ 27. Qg3 Qxg3+ 28. Kxg3 Kf7 29. Kf4 Kf6 30. Nf3 h6 31. h4 Be2 32. g4 Bd1 33. Nd2 e5+ 34. Kg3 h5 35. gxh5 Bxh5 36. e4 Ke6 37. exd5+ Kxd5 38. dxe5 dxe5 39. Kf2 e4 40. Ke3 Bg6 41. a3 Ke5 42. Nc4+ Ke6 43. Nd2 Ke5 44. Nc4+ Kd5 45. Nd2 b5 46. Kf4 a6 47. Ke3 Ke5 48. b4 Bf5 49. Nb3 Be6 50. Nc5 Kf5 51. Nxe4 $138 {Nur} 0-1

[Event "4. Open. Int. (tot.)"]
[Site "Padova  Fornace Carotta"]
[Date "2001.12.15"]
[Round "1.26"]
[White "Morganti, Lionello"]
[Black "Nizzardo, Mattia"]
[Result "1-0"]
[WhiteElo "1687"]
[BlackElo "1500"]
[Annotator "Gabriele Ballarin"]
[PlyCount "75"]
[EventDate "2001.12.15"]
[EventType "swiss"]
[EventRounds "6"]
[EventCountry "ITA"]

1. e4 e5 2. Nf3 Nc6 3. d4 exd4 4. Nxd4 Nxd4 5. Qxd4 d6 6. Bc4 Be6 7. O-O Bxc4 8. Qxc4 g6 9. Qb5+ c6 10. Qxb7 Qc8 11. Qxc8+ Rxc8 12. c3 Nf6 13. Re1 Nd7 14. Nd2 Bg7 15. Nc4 Ke7 16. Bf4 Be5 17. Nxe5 dxe5 18. Be3 Rb8 19. b3 a6 20. Red1 Rb7 21. Rd2 Rhb8 22. Rad1 c5 23. Rd5 c4 24. b4 f6 25. a4 Ra8 26. Ra5 h5 27. Kf1 Ke6 28. Ke2 Kf7 29. Rd6 Nb8 30. Rd8 Ke7 31. Rad5 a5 32. b5 Rc7 33. h4 Ke6 34. Rg8 Kf7 35. Rh8 Ke6 36. Rdd8 Rb7 37. Rc8 Kf7 38. Rh7+ 1-0

[Event "4. Open. Int. (tot.)"]
[Site "Padova  Fornace Carotta"]
[Date "2001.12.15"]
[Round "1.27"]
[White "Pietrobon, Mirco"]
[Black "Goi, Veronika"]
[Result "0-1"]
[WhiteElo "1500"]
[BlackElo "1675"]
[Annotator "Gabriele Ballarin"]
[PlyCount "100"]
[EventDate "2001.12.15"]
[EventType "swiss"]
[EventRounds "6"]
[EventCountry "ITA"]

1. d4 e6 2. c4 d5 3. Nc3 Nf6 4. e3 c6 5. Nf3 Nbd7 6. Bd3 Bd6 7. c5 Bb8 8. O-O O-O 9. b4 Qc7 10. g3 e5 11. e4 dxe4 12. Nxe4 Nxe4 13. Bxe4 Nf6 14. Bc2 Nd5 15. a3 exd4 16. Qxd4 Qd8 17. Bb2 Qf6 18. Qe4 Qg6 19. Qxg6 fxg6 20. Nd2 a5 21. Bb3 Be6 22. Bxd5 Bxd5 23. Rfe1 Bc7 24. Bc3 b6 25. Re7 Rf7 26. Rxf7 Kxf7 27. Re1 axb4 28. Bxb4 b5 29. Nb1 Bb3 30. Re3 Bd5 31. Bc3 Bd8 32. Bb4 Bf6 33. Kf1 Rd8 34. Nc3 Bc4+ 35. Kg1 Rd3 36. Rxd3 Bxd3 37. Nd1 Ke6 38. Ne3 Bd4 39. Kg2 Be4+ 40. Kf1 Ke5 41. Ke2 h5 42. Bd2 Bb2 43. Bb4 Kd4 44. Kd2 Ke5 45. Bc3+ Bxc3+ 46. Kxc3 g5 47. h3 g6 48. g4 Kf4 49. Kd4 Bh1 50. Nc2 Kf3 0-1

[Event "4. Open. Int. (tot.)"]
[Site "Padova  Fornace Carotta"]
[Date "2001.12.15"]
[Round "1.28"]
[White "Pechy, Alaster"]
[Black "Rizzo, Giuseppe"]
[Result "1-0"]
[WhiteElo "1672"]
[BlackElo "1500"]
[Annotator "Gabriele Ballarin"]
[PlyCount "75"]
[EventDate "2001.12.15"]
[EventType "swiss"]
[EventRounds "6"]
[EventCountry "ITA"]

1. b3 d5 2. Bb2 Nc6 3. Nf3 Nf6 4. e3 e6 5. Be2 Bd6 6. d4 O-O 7. O-O Ne4 8. Nbd2 f5 9. Ne5 Qf6 10. f4 Nxd2 11. Qxd2 Bxe5 12. dxe5 Qf7 13. b4 a6 14. a4 a5 15. b5 Ne7 16. Ba3 Rd8 17. c4 b6 18. c5 Bb7 19. c6 Nxc6 20. bxc6 Bxc6 21. Bb5 Bb7 22. Rac1 Rdc8 23. Bc6 Rab8 24. Bxb7 Rxb7 25. Rc6 Qd7 26. Rfc1 Ra8 27. Qc2 Raa7 28. h3 g6 29. Qf2 b5 30. axb5 Rxb5 31. Qh4 Rb3 32. Be7 a4 33. Qf6 Rb8 34. Rxe6 a3 35. Bxa3 Rxa3 36. Re7 Qxe7 37. Qxe7 Ra7 38. Rxc7 1-0

[Event "4. Open. Int. (tot.)"]
[Site "Padova  Fornace Carotta"]
[Date "2001.12.15"]
[Round "1.29"]
[White "Bonetti, Carlo"]
[Black "Varotto, Adriano"]
[Result "1-0"]
[WhiteElo "1664"]
[BlackElo "1500"]
[Annotator "Gabriele Ballarin"]
[PlyCount "115"]
[EventDate "2001.12.15"]
[EventType "swiss"]
[EventRounds "6"]
[EventCountry "ITA"]

{[%evp 0,108,27,31,37,44,25,10,50,43,44,44,48,-46,-7,-61,-70,-180,-33,-90,-108,-108,-87,-71,0,-91,-127,-217,-224,-216,-237,-252,-244,-227,-228,-246,-220,-247,-245,-247,-91,-89,-92,-81,-84,-83,-80,-81,-85,-81,-74,-57,-66,-60,-57,-53,-23,-53,-49,-45,-21,-21,-14,0,0,0,0,-13,-6,-38,-6,0,0,-26,-78,-77,-79,-98,0,0,0,0,0,0,0,0,0,0,0,0,0,0,580,586,586,598,613,631,631,632,632,760,904,972,992,992,992,992,992,1022,1022]} 1. e4 e5 2. Nf3 Nc6 3. Bb5 d6 4. O-O Bd7 5. d4 exd4 6. e5 dxe5 7. Re1 f6 8. Nh4 Nh6 9. Bxc6 Bxc6 10. Bxh6 gxh6 11. Qh5+ Ke7 12. f4 Qe8 13. Qxe8+ Rxe8 14. fxe5 Kd7 15. Na3 fxe5 16. Nc4 Bd6 17. Rad1 Rhg8 18. c3 Rg4 19. g3 b5 20. Nxd6 cxd6 21. cxd4 Rxd4 22. Rxd4 exd4 23. Rxe8 Kxe8 24. Nf5 Kd7 25. Nxd4 d5 26. b4 Kd6 27. Kf2 Bd7 28. Kf3 Ke5 29. Ke3 a6 30. Nf3+ Kd6 31. Kd4 Bg4 32. Ne5 Be6 33. g4 Bg8 34. h4 Be6 35. a3 Bg8 36. g5 hxg5 37. hxg5 Be6 38. Nd3 Bc8 39. Nf4 Be6 40. Nh5 Bf5 41. Nf6 Be4 42. Nxe4+ dxe4 43. Kxe4 Ke6 44. Kf4 Kd5 45. Kf5 Kc4 46. Kf6 Kb3 47. Kg7 Kxa3 48. Kxh7 Kxb4 49. g6 Ka3 50. g7 b4 51. g8=Q a5 52. Qc4 a4 53. Qc1+ Kb3 54. Qb1+ Ka3 55. Kg6 b3 56. Kf5 Kb4 57. Qb2 a3 58. Qd4+ 1-0

[Event "4. Open. Int. (tot.)"]
[Site "Padova  Fornace Carotta"]
[Date "2001.12.15"]
[Round "1.30"]
[White "Trangoni, Bruno"]
[Black "Zaccheroni, Dario"]
[Result "1-0"]
[WhiteElo "1662"]
[BlackElo "1500"]
[Annotator "Gabriele Ballarin"]
[PlyCount "43"]
[EventDate "2001.12.15"]
[EventType "swiss"]
[EventRounds "6"]
[EventCountry "ITA"]

1. f4 d5 2. Nf3 c5 3. e3 Nc6 4. Bb5 a6 5. Bxc6+ bxc6 6. b3 Nf6 7. Ne5 Bd7 8. Bb2 e6 9. O-O Be7 10. d3 O-O 11. Nd2 Ne8 12. Qg4 f6 13. Nxc6 e5 14. Nxd8 Bxg4 15. Nc6 Bd6 16. fxe5 fxe5 17. Rxf8+ Kxf8 18. Rf1+ Kg8 19. Bxe5 Rc8 20. Bxd6 g6 21. Ne7+ Kg7 22. Be5+ 1-0

[Event "4. Open. Int. (tot.)"]
[Site "Padova  Fornace Carotta"]
[Date "2001.12.15"]
[Round "1.31"]
[White "Baracchi, Leonardo"]
[Black "Zanirato, Stefano"]
[Result "0-1"]
[WhiteElo "1497"]
[BlackElo "1659"]
[Annotator "Gabriele Ballarin"]
[PlyCount "81"]
[EventDate "2001.12.15"]
[EventType "swiss"]
[EventRounds "6"]
[EventCountry "ITA"]

1. e4 Nc6 2. Nc3 a6 3. d4 e6 4. Nf3 d5 5. Bf4 Be7 6. Bd3 Nf6 7. O-O dxe4 8. Nxe4 Nd5 9. Bg3 f5 10. Nc3 O-O 11. h3 Bf6 12. Bc4 Nb6 13. Bb3 Nxd4 14. Nxd4 Bxd4 15. Bxc7 Bxf2+ 16. Rxf2 Qxc7 17. Re2 Bd7 18. Bxe6+ Bxe6 19. Rxe6 Qc5+ 20. Kh1 Rad8 21. Qe2 Rd7 22. Re1 g6 23. Re7 Rxe7 24. Qxe7 Qxe7 25. Rxe7 Rf7 26. Re6 Nc4 27. b3 Na3 28. Re2 Rc7 29. Nd5 Rxc2 30. Rxc2 Nxc2 31. g4 Kf7 32. Kg2 fxg4 33. hxg4 a5 34. Kf3 Ke6 35. Ke4 Kd6 36. g5 Nb4 37. Nxb4 axb4 38. Kd4 b5 39. Ke4 Ke6 40. Kf4 Kd6 41. Kf3 0-1

[Event "4. Open. Int. (tot.)"]
[Site "Padova  Fornace Carotta"]
[Date "2001.12.15"]
[Round "1.32"]
[White "Clarini, Ivo"]
[Black "Arras, Antonio"]
[Result "1/2-1/2"]
[WhiteElo "1657"]
[BlackElo "1458"]
[Annotator "Gabriele Ballarin"]
[PlyCount "63"]
[EventDate "2001.12.15"]
[EventType "swiss"]
[EventRounds "6"]
[EventCountry "ITA"]

1. d4 Nf6 2. c4 g6 3. Nc3 Bg7 4. e3 d5 5. Bd3 Nc6 6. Nge2 O-O 7. Nf4 dxc4 8. Bxc4 e5 9. Nfd5 exd4 10. exd4 Nxd5 11. Bxd5 Nxd4 12. O-O Re8 13. Be3 c5 14. Qd3 Bf5 15. Qc4 Be6 16. Bxe6 Rxe6 17. Qxc5 Qh4 18. Qg5 Qxg5 19. Bxg5 Ne2+ 20. Nxe2 Rxe2 21. Rfe1 Rxb2 22. a4 Re2 23. Rxe2 Bxa1 24. Re7 b6 25. Kf1 Bd4 26. Bh4 h5 27. Rd7 Bc5 28. Be7 Re8 29. Bxc5 bxc5 30. Rd5 Rc8 31. Ke2 c4 32. Kd2 1/2-1/2

[Event "4. Open. Int. (tot.)"]
[Site "Padova  Fornace Carotta"]
[Date "2001.12.15"]
[Round "1.33"]
[White "Trimboli, Carlo"]
[Black "Marangoni, Simone"]
[Result "0-1"]
[WhiteElo "1449"]
[BlackElo "1633"]
[Annotator "Gabriele Ballarin"]
[PlyCount "92"]
[EventDate "2001.12.15"]
[EventType "swiss"]
[EventRounds "6"]
[EventCountry "ITA"]

1. e4 d6 2. Nf3 g6 3. d4 Bg7 4. Nc3 Nf6 5. Bg5 O-O 6. h3 c6 7. Bd3 Nbd7 8. O-O h6 9. Bf4 Nh5 10. Bh2 b5 11. a3 Qb6 12. Ne2 c5 13. c3 c4 14. Bc2 Bb7 15. d5 Nc5 16. Nf4 Nf6 17. Nd2 e6 18. b4 cxb3 19. Bxb3 e5 20. Ne2 Nfxe4 21. Kh1 Nxb3 22. Nxe4 Nxa1 23. Qxa1 Bxd5 24. f3 f5 25. Bg1 Qc6 26. Nd2 e4 27. Nd4 Qe8 28. Re1 Qf7 29. Nxb5 exf3 30. gxf3 Qd7 31. Nd4 Bxd4 32. cxd4 Qc6 33. Rf1 Rfe8 34. Rf2 Re7 35. Qb1 Rae8 36. Qf1 Re3 37. Qg2 Kh7 38. Qg3 Re2 39. Kg2 Rxf2+ 40. Qxf2 Qb5 41. Qg3 Re2+ 42. Bf2 Rxd2 43. Qxd6 Bf7 44. Qc7 Qb3 45. Qe5 Qa2 46. Qe3 Re2 0-1

[Event "4. Open. Int. (tot.)"]
[Site "Padova  Fornace Carotta"]
[Date "2001.12.15"]
[Round "1.34"]
[White "Quaranta, Cristiano"]
[Black "Meggiorin, Orlando"]
[Result "1-0"]
[WhiteElo "1627"]
[BlackElo "1441"]
[Annotator "Gabriele Ballarin"]
[PlyCount "93"]
[EventDate "2001.12.15"]
[EventType "swiss"]
[EventRounds "6"]
[EventCountry "ITA"]

1. d4 d5 2. c4 Nc6 3. Nf3 Bg4 4. e3 Nf6 5. Nc3 e6 6. Bd3 Be7 7. O-O O-O 8. a3 a6 9. b4 dxc4 10. Bxc4 b5 11. Be2 Bd6 12. Qc2 Ne7 13. Bb2 c6 14. Rac1 Qc7 15. h3 Bh5 16. Ne4 Nxe4 17. Qxe4 Bg6 18. Qg4 h5 19. Qh4 Nf5 20. Qg5 Kh7 21. Ne5 Bxe5 22. dxe5 Qe7 23. Qxe7 Nxe7 24. Bf3 Rac8 25. Rc5 Rc7 26. Rfc1 Rfc8 27. Bd4 h4 28. R5c3 Nd5 29. Bxd5 exd5 30. Bc5 d4 31. Bxd4 Be4 32. f3 Bd5 33. e4 Bc4 34. Bf2 Re7 35. Bxh4 Rxe5 36. Bg3 Re6 37. Kf2 Rd8 38. Bf4 f6 39. R1c2 g5 40. Rd2 Rxd2+ 41. Bxd2 Kg6 42. Re3 Rd6 43. Ke1 Kh5 44. e5 fxe5 45. Rxe5 Kh4 46. Rxg5 Rxd2 47. Rg4+ 1-0

[Event "4. Open. Int. (tot.)"]
[Site "Padova  Fornace Carotta"]
[Date "2001.12.15"]
[Round "1.35"]
[White "Giordan, Daniele"]
[Black "Cedriano, Filippo"]
[Result "1-0"]
[WhiteElo "1425"]
[BlackElo "1612"]
[Annotator "Gabriele Ballarin"]
[PlyCount "52"]
[EventDate "2001.12.15"]
[EventType "swiss"]
[EventRounds "6"]
[EventCountry "ITA"]

1. e4 e5 2. Nf3 d6 3. d4 exd4 4. Nxd4 Nf6 5. Nc3 Be7 6. Bc4 O-O 7. O-O Nxe4 8. Nxe4 d5 9. Bd3 dxe4 10. Bxe4 Bf6 11. Nb3 c6 12. Qh5 g6 13. Qf3 Na6 14. c3 Bg7 15. Be3 Re8 16. Rad1 Qe7 17. Bd3 Nc7 18. Bc5 Qf6 19. Qg3 Ne6 20. Rfe1 b6 21. Bd6 Bb7 22. Be5 Qg5 23. Bc4 Qf5 24. Bxg7 Nxg7 25. Qc7 Rxe1+ 26. Rxe1 Re8 1-0